| 000 | 00551nam a2200169Ia 4500 | ||
|---|---|---|---|
| 003 | SGT | ||
| 020 | _a9788126508273 | ||
| 082 |
_a510.2462 _bKRE |
||
| 100 | _aKreyszig,Erwin | ||
| 245 | _aAdvanced engineering mathematics | ||
| 250 | _a8th & 9th . Ed. | ||
| 260 |
_bWiley India Pvt. Ltd. _aN.Delhi _c1999 |
||
| 300 | _a1156p. | ||
| 650 | _aENGINEERING MATHEMATICS | ||
| 653 | _aORDINARY DIFFERENTIAL EQUATIONS,LINEAR ALGEBRA VECTOR CALCULUS,FOURIER ANALYSIS AND PARTIAL DIFFERENTIAL EQUATIONS,COMPLEX ANALYSIS,NUMERICAL METHODS. | ||
| 942 |
_2ddc _cBK _02 |
||
| 999 |
_c5200 _d5200 |
||